| 000 | 00704nam a2200169 a 4500 | ||
|---|---|---|---|
| 001 | 000027525 | ||
| 005 | 20200930030910.0 | ||
| 008 | 110401s1999 dr abc 000 0 spa d | ||
| 040 |
_aDO-SdBNP _bspa _cBNPHU |
||
| 082 |
_axxxx _bL754p |
||
| 110 | 1 |
_aRepública Dominicana. _bPresidencia de la República Dominicana. _bConsejo Nacional de Asuntos Urbanos _943929 |
|
| 245 | 1 | 0 |
_aLineamientos de políticas de desarrollo urbano para la ciudad de San Ignacio de Sabaneta / _cprólogo Mercedes Sabaneta de Macarrulla,. |
| 260 |
_aSanto Domingo : _bPontificia Universidad Católica Madre y Maestra, _c1999. |
||
| 300 |
_a208 p. : _bil., map., retr. ; _c27 cm. |
||
| 504 | _aBibliografía: 189-191 | ||
| 049 | _aBNPD | ||
| 999 |
_c27017 _d27017 |
||